Plano estratégico : (Record no. 1578)
[ view plain ]
| 000 -LÍDER | |
|---|---|
| Campo Fixo de Controle | 01050nam a2200241 4500 |
| 001 - NÚMERO DE CONTROLE | |
| Campo de Controle | 1578 |
| 003 - IDENTIFICAÇÃO DO NÚMERO DE CONTROLE | |
| Campo de Controle | BR-CuiBMT |
| 005 - DATA E HORA DA ÚLTIMA ATUALIZAÇÃO | |
| Campo de Controle | 20231215232548.0 |
| 008 - DADOS FIXOS | |
| Dados Fixos | 231215s2013 mtba 000 0 por d |
| 040 ## - AGÊNCIA CATALOGADORA | |
| Código da Agência Catalogadora | BR-CuiBMT |
| Agência que transcreveu o registro | BR-CuiBMT |
| 080 ## - Nº DA CLASSIFICAÇÃO DECIMAL UNIVERSAL | |
| Nº Class. CDU | 351.712.2.025 |
| Subd. Auxiliar Comum | (817.2) |
| Nº edição CDU | 2007 |
| 090 ## - NÚMERO DE CHAMADA | |
| Nº classificação | 351.712.2.025(817.2) |
| Cutter | C966p |
| 110 1# - ENTRADA PRINCIPAL -- ENTIDADE | |
| Nome da entidade ou lugar | Cuiabá (MT). |
| Unidade subordinada | Prefeitura. |
| 245 10 - TÍTULO PRINCIPAL | |
| Título principal | Plano estratégico : |
| Subtítulo | município de Cuiabá : 2013 - 2023 / |
| Indicação de responsabilidade | coordenação geral Guilherme Frederico Müller ... [et al.] ; colaboração Adilson dos Reis Silva ... [et al.]. |
| 246 14 - FORMAS VARIANTES DO TÍTULO | |
| Título principal | Plano estratégico : |
| Subtítulo | município de Cuiabá : 2013 - 2023 : Cuiabá capital do Pantanal e do agronegócio |
| 260 ## - PUBLICAÇÃO, DISTRIBUIÇÃO, ETC. | |
| Local de publicação | Cuiabá : |
| Editora | Prefeitura Municipal de Cuiabá, |
| Data | 2013. |
| 300 ## - DESCRIÇÃO FÍSICA | |
| N. páginas ou volumes | 67 p. : |
| Ilustrações | il. color. ; |
| Dimensões | 30 cm |
| 500 ## - NOTAS GERAIS | |
| Notas gerais | Vários colaboradores. |
| 610 1# - ASSUNTO -- ENTIDADE | |
| Nome da Entidade ou lugar | Cuiabá (MT). |
| Unidade subordinada | Prefeitura |
| Subdivisão geral | Plano estratégico |
| 650 ## - ASSUNTO TÓPICO | |
| Cabeçalho tópico ou nome geográfico | Planejamento estratégico |
| Subdivisão geral | Prefeitura municipal |
| Subdivisão geográfica | Cuiabá (MT) |
| Subdivisão cronológica | 2013-2023 |
| 700 1# - ENTRADA SECUNDÁRIA -- NOME PESSOAL | |
| Nome pessoal | Müller, Guilherme Frederico |
| Termo de relação | et al. |
| -- | coordenadores |
| 942 ## - ELEMENTOS DE ENTRADA ADICIONAIS (KOHA) | |
| Fonte de classificação ou esquema de arquivamento | Classificação Decimal Universal |
| Tipo de item do Koha | Livros |
| Estado: removido | Estado: perdido | Fonte de classificação ou esquema de arquivamento | Estado: danificado | Indisponível para empréstimo | Localização permanente | Localização atual | Data de aquisição | Total Checkouts | Número de Chamada completo | Código de barras | Date last seen | Número do exemplar | Preço efetivo a partir de | Tipo de item (Koha) |
|---|---|---|---|---|---|---|---|---|---|---|---|---|---|---|
| Classificação Decimal Universal | Biblioteca da Escola Superior de Contas do TCE/MT | Biblioteca da Escola Superior de Contas do TCE/MT | 15/12/2023 | 351.712.2.025(817.2) C966p | BIBTCEMT23120629 | 15/12/2023 | Ex. 1 | 15/12/2023 | Livros |